00742nam a22001097a 4500008004100000040005500041080002800096245010000124260005700224500032800281650002300609230329b |||||||| |||| 00| 0 eng d aNational Science LibrarycNational Science Library aD 681.324(082.2)bM8.1B aWorkshop on local area networksc/ July 16-19, 1988, Madras, S. R. Associates Software (P) Ltd. aMadras: bS. R. Associates Software (P) Ltd., c1988 aVol. 1A (Historical perspective LAN concepts, protocol, standards) Vol. 2A (LAN-operations performance issues Lan-examples software issues) Vol. 3A (LAN-application software development planning, design and installation heterogeneous LANS internetworking) Vol. 4A (Integrated information network Indian scene future trends) aComputers networks